Pays de la Coupe du monde de rugby 2023. - Statistiques

Statistiques générales
  • Ce quiz a été pris 2 336 fois
    2 262 depuis la dernière actualisation
  • Le résultat moyen est 18 sur 20
Statistiques - réponses
Nations % Correct
France
100%
Nouvelle-Zélande
99%
Italie
97%
Afrique du Sud
97%
Angleterre
97%
Irlande
97%
Écosse
95%
Australie
95%
Pays de Galles
93%
Argentine
92%
Fidji
92%
Japon
88%
Namibie
85%
Portugal
85%
Samoa
83%
Tonga
83%
Uruguay
81%
Géorgie
70%
Roumanie
69%
Chili
64%
Aucun quiz correspondant
Distribution des résultats
% des personnes avec chaque résultat
Percentile par nombre de réponses
Votre historique - résultats
Vous n’avez pas pris ce quiz depuis la dernière actualisation